[Event "N�-LL 2009/10"]
[Site "?"]
[Date "2010.02.21"]
[Round "9"]
[White "Posch, Roland"]
[Black "Stanivukovic, Drago"]
[Result "0-1"]
[WhiteElo "2074"]
[BlackElo "1968"]
[Annotator "P�chlarn - Bisamberg/Korneuburg"]
[PlyCount "86"]
[EventDate "2010.??.??"]
[SourceDate "2009.10.04"]

1. e4 c5 2. Nf3 g6 3. c3 Bg7 4. Bc4 e6 5. O-O a6 6. d4 b5 7. Bb3 Bb7 8. Re1
cxd4 9. cxd4 Nf6 10. d5 O-O 11. dxe6 dxe6 12. Qxd8 Rxd8 13. e5 Nd5 14. Bg5 Rd7
15. Nbd2 h6 16. Bh4 g5 17. Bg3 Nb4 18. Re2 N8c6 19. h3 Na5 20. a3 Nd3 21. Rb1
Rc8 22. Bd1 Rcd8 23. Bc2 Nc4 24. Nxc4 Bxf3 25. gxf3 bxc4 26. Ba4 Rd4 27. Bc2
R8d5 28. Re4 Nxe5 29. Kg2 Rxe4 30. Bxe4 Rd4 31. b3 f5 32. Bxe5 Bxe5 33. Bb7 c3
34. Rc1 Rd2 35. Bxa6 Bd4 36. Bc4 Kf7 37. b4 Rxf2+ 38. Kh1 Ke7 39. a4 Rxf3 40.
Kg2 Rf2+ 41. Kg3 h5 42. h4 f4+ 43. Kh3 g4# 0-1

[Event "N�-LL 2009/10"]
[Site "?"]
[Date "2010.02.21"]
[Round "9"]
[White "Danner, Georg"]
[Black "Kranzl, Peter"]
[Result "1-0"]
[WhiteElo "2415"]
[BlackElo "2264"]
[Annotator "B�hlerwerk : Schwarzatal"]
[PlyCount "35"]
[EventDate "2009.11.04"]
[SourceDate "2010.02.27"]

1. d4 Nf6 2. c4 c5 3. d5 b5 4. cxb5 a6 5. bxa6 g6 6. Nc3 Bg7 7. e4 d6 8. Bb5+
Nbd7 9. Nf3 O-O 10. Bd2 Bxa6 11. a4 Nb6 12. O-O e6 13. dxe6 fxe6 14. Bg5 Qc7
15. Bxa6 Rxa6 16. Nb5 Qd7 17. Qxd6 Qxd6 18. Nxd6 {Rest nicht lesbar} 1-0

[Event "N�-LL 2009/10"]
[Site "?"]
[Date "2010.02.21"]
[Round "9"]
[White "Ebner, Johann"]
[Black "Matevosyan, Andy"]
[Result "0-1"]
[WhiteElo "2043"]
[BlackElo "2182"]
[Annotator "B�hlerwerk : Schwarzatal"]
[PlyCount "86"]
[EventDate "2009.11.04"]
[SourceDate "2010.02.27"]

1. d4 Nf6 2. c4 d6 3. Nc3 Nbd7 4. e4 g6 5. Be2 Bg7 6. Bg5 O-O 7. h3 c6 8. Nf3
Qc7 9. O-O e5 10. Qd2 exd4 11. Nxd4 Re8 12. f3 Nh5 13. Rfe1 Nc5 14. Rad1 d5 15.
Be3 dxe4 16. fxe4 Ng3 17. Bf3 Be5 18. b4 Ne6 19. Nde2 Qe7 20. Rb1 Rd8 21. Qc1
Rd3 22. Rd1 Nxe2+ 23. Nxe2 Rxd1+ 24. Qxd1 a5 25. b5 Qa3 26. Qd2 Qe7 27. Rd1 Qb4
28. Bh6 Qxd2 29. Rxd2 g5 30. Bg4 f6 31. h4 gxh4 32. Bh5 Bc7 33. Bg4 Kf7 34.
Bh5+ Ke7 35. Be3 Ng5 36. c5 Ke6 37. Bg4+ Kf7 38. Bh5+ Kg7 39. Bf3 h3 40. b6 h2+
41. Kh1 Be5 42. Rd8 Nxf3 43. gxf3 Bg4 0-1

[Event "N�-LL 2009/10"]
[Site "?"]
[Date "2010.03.14"]
[Round "10"]
[White "Matevosyan, Andy"]
[Black "Steiner, Adam"]
[Result "0-1"]
[WhiteElo "2182"]
[BlackElo "2154"]
[Annotator "Schwarzatal : Wr. Neustadt"]
[PlyCount "94"]
[EventDate "2009.11.04"]
[SourceDate "2010.04.03"]

1. e4 c5 2. Nf3 d6 3. d3 Nc6 4. g3 g6 5. Bg2 Bg7 6. O-O e6 7. Nbd2 Nge7 8. h4
b5 9. Re1 Bb7 10. Nf1 Qc7 11. N1h2 h5 12. Rb1 d5 13. Ng5 d4 14. Bh3 e5 15. c3
a6 16. cxd4 Nxd4 17. Be3 Nec6 18. Rc1 Qd6 19. Qd2 Bc8 20. Bxc8 Rxc8 21. Ngf3
O-O 22. Qc3 Nb4 23. Bxd4 exd4 24. Qa3 Qe6 25. Red1 Qxa2 26. Ng5 Qxa3 27. bxa3
Na2 28. Rc2 Nc3 29. Ra1 a5 30. Nhf3 a4 31. Rb2 Rfe8 32. Re1 f6 33. Nh3 Bh6 34.
Nf4 Bxf4 35. gxf4 Rb8 36. Ra1 Kf7 37. Kg2 Red8 38. Ne1 b4 39. axb4 cxb4 40. Nc2
b3 41. Na3 Rdc8 42. Kf1 Na2 43. Nc4 Rxc4 44. dxc4 a3 45. Rbxa2 bxa2 46. Rxa2 d3
47. Kg2 Rd8 0-1

[Event "N�-LL 2009/10"]
[Site "?"]
[Date "2010.03.14"]
[Round "10"]
[White "Lucaci, Marius"]
[Black "Braun, Karl-Heinz"]
[Result "1-0"]
[WhiteElo "2126"]
[BlackElo "2048"]
[Annotator "Schwarzatal : Wr.Neustadt"]
[PlyCount "25"]
[EventDate "2009.11.04"]
[SourceDate "2010.04.06"]

1. e4 g6 2. d4 Bg7 3. Nc3 c5 4. Nf3 b6 5. dxc5 bxc5 6. Qd5 Nc6 7. Qxc5 Nh6 8.
Ng5 O-O 9. Nd5 f6 10. Bf4 e5 11. Bd2 Nf7 12. Bb5 Bb7 13. O-O {Rest nicht lesbar
} 1-0

[Event "N�-LL 2009/10"]
[Site "?"]
[Date "2010.03.14"]
[Round "10"]
[White "Nemeth, Denes"]
[Black "Wiedner, Robert"]
[Result "1/2-1/2"]
[WhiteElo "1998"]
[BlackElo "2177"]
[Annotator "Schwarzatal : Wr.Neustadt"]
[PlyCount "100"]
[EventDate "2009.11.04"]
[SourceDate "2010.04.06"]

1. d4 Nf6 2. c4 e6 3. g3 c6 4. Bg2 d5 5. Qc2 Bd6 6. Nf3 O-O 7. O-O b5 8. cxb5
cxb5 9. Nc3 a6 10. Bg5 h6 11. Bxf6 Qxf6 12. e4 b4 13. e5 Qd8 14. exd6 bxc3 15.
bxc3 Qxd6 16. c4 Ra7 17. c5 Qc7 18. Rab1 Nc6 19. Rb6 Bd7 20. Rfb1 Rfa8 21. Bf1
Be8 22. Qb2 f6 23. Bh3 Bf7 24. Re1 Re8 25. Qa3 e5 26. Qa4 Nxd4 27. Nxd4 Qxc5
28. Be6 Rae7 29. Bxf7+ Kxf7 30. Rb4 exd4 31. Rxe7+ Rxe7 32. Rxd4 Qd6 33. Qb3
Rd7 34. Qd3 Qe5 35. Ra4 a5 36. Qd2 d4 37. Rxa5 Qe4 38. Rc5 d3 39. Rc1 Re7 40.
Rd1 Qf3 41. a4 Re2 42. Qf4 Qd5 43. Qc7+ Kg8 44. Qb8+ Kf7 45. Qc7+ Re7 46. Qc3
Rd7 47. a5 g5 48. a6 Qf3 49. Qb3+ Kg7 50. a7 Rxa7 1/2-1/2

[Event "N�-LL 2009/10"]
[Site "?"]
[Date "2010.03.14"]
[Round "10"]
[White "Flumbort, Andras"]
[Black "Trkulja, Zoran"]
[Result "1-0"]
[WhiteElo "2474"]
[BlackElo "2184"]
[Annotator "Bisamberg/Korneuburg : B�hlerwerk"]
[PlyCount "59"]
[EventDate "2009.11.04"]
[SourceDate "2010.04.07"]

1. Nf3 Nf6 2. c4 e6 3. g3 b6 4. d4 Bb7 5. Bg2 Be7 6. O-O O-O 7. Re1 d6 8. Nc3
Nbd7 9. e4 e5 10. b3 Re8 11. d5 Bf8 12. a3 a5 13. Bd2 g6 14. b4 Nh5 15. Qc2 Ng7
16. Nb5 c6 17. dxc6 Bxc6 18. Nc3 axb4 19. axb4 Ne6 20. Qd3 Qb8 21. Be3 Nf6 22.
Nd5 Bxd5 23. cxd5 Rxa1 24. Rxa1 Nc7 25. h3 Qb7 26. Nd2 Ra8 27. Rxa8 Nxa8 28.
Qb5 Nd7 29. Qc6 Qa7 30. Nc4 1-0

[Event "N�-LL 2009/10"]
[Site "?"]
[Date "2010.03.15"]
[Round "10"]
[White "Wetscherek, Gerhard"]
[Black "Kranzl, Peter"]
[Result "1/2-1/2"]
[WhiteElo "2136"]
[BlackElo "2264"]
[Annotator "Bisamberg/Korneuburg : B�hlerwerk"]
[PlyCount "72"]
[EventDate "2009.11.04"]
[SourceDate "2010.04.07"]

1. e4 c6 2. d4 d5 3. e5 Bf5 4. h4 h5 5. Bd3 Bxd3 6. Qxd3 e6 7. Nf3 Qb6 8. Nc3
Ne7 9. Ne2 Nd7 10. O-O c5 11. c3 cxd4 12. cxd4 Nc6 13. Ng5 Nb4 14. Qc3 Qc6 15.
Bd2 Qxc3 16. Bxc3 Nc6 17. a3 Nb6 18. Rfd1 Be7 19. Nf4 Bxg5 20. hxg5 g6 21. Rd3
Rc8 22. Kf1 Ne7 23. b3 Nf5 24. Ke2 Rc6 25. Rc1 Nc8 26. Bb2 Rxc1 27. Bxc1 Kd7
28. Rd1 Nfe7 29. Kd3 Nc6 30. Be3 Na5 31. Rb1 Re8 32. Bd2 Nc6 33. Ne2 b6 34. Rc1
a5 35. Be3 Rh8 36. Nc3 N8a7 {Rest nicht lesbar} 1/2-1/2

[Event "N�-LL 2009/10"]
[Site "?"]
[Date "2010.03.14"]
[Round "10"]
[White "Strobel, Ferdinand"]
[Black "Pammer, Andreas"]
[Result "0-1"]
[WhiteElo "2042"]
[BlackElo "2111"]
[Annotator "Bisamberg/Korneuburg : B�hlerwerk"]
[PlyCount "110"]
[EventDate "2009.11.04"]
[SourceDate "2010.04.07"]

1. f4 c5 2. Nf3 Nf6 3. g3 g6 4. Bg2 d6 5. d3 Bg7 6. e4 Nc6 7. O-O O-O 8. Nc3
Nd4 9. h3 Rb8 10. Be3 Nd7 11. a4 a6 12. Rb1 b5 13. axb5 axb5 14. Ne2 Nxe2+ 15.
Qxe2 b4 16. g4 Nb6 17. b3 Ra8 18. Nd2 Ra2 19. Nc4 Bd7 20. Rfd1 Qc7 21. Qf2 Bc6
22. Rd2 Rfa8 23. Rf1 Bc3 24. Rdd1 Nxc4 25. dxc4 Qb7 26. e5 Bxg2 27. Qxg2 Qxg2+
28. Kxg2 Rxc2+ 29. Rf2 Rxf2+ 30. Bxf2 Ra6 31. Kf3 f6 32. exd6 exd6 33. Ke4 Kf7
34. Be3 Ke6 35. f5+ Ke7 36. h4 Ra2 37. fxg6 hxg6 38. Bf4 Be5 39. Bxe5 fxe5 40.
Rh1 Re2+ 41. Kf3 Rb2 42. h5 Rxb3+ 43. Ke4 gxh5 44. gxh5 Ra3 45. h6 Ra8 46. h7
Rh8 47. Kd5 b3 48. Rh2 Kd7 49. Rb2 Rxh7 50. Rxb3 Kc7 51. Ra3 Rh4 52. Ra7+ Kb6
53. Ra4 Rd4+ 54. Ke6 e4 55. Kf5 d5 0-1

[Event "N�-LL 2009/10"]
[Site "?"]
[Date "2010.03.15"]
[Round "10"]
[White "Stanivukovic, Drago"]
[Black "Brandst�tter, Friedrich"]
[Result "1-0"]
[WhiteElo "1968"]
[BlackElo "2056"]
[Annotator "Bisamberg/Korneuburg : B�hlerwerk"]
[PlyCount "145"]
[EventDate "2009.11.04"]
[SourceDate "2010.04.07"]

1. Nf3 c5 2. g3 Nc6 3. Bg2 e5 4. e4 g6 5. d3 Bg7 6. Nc3 Nge7 7. Be3 d6 8. Nd5
Nxd5 9. exd5 Ne7 10. Nd2 O-O 11. O-O Nf5 12. c3 b5 13. a4 Nxe3 14. fxe3 b4 15.
a5 Ba6 16. Qc2 Rb8 17. c4 f5 18. e4 Rb7 19. exf5 gxf5 20. Bh3 Rbf7 21. Nf3 Bc8
22. Nh4 f4 23. Bxc8 Qxc8 24. Qg2 Qg4 25. Qe4 Qh5 26. a6 Bh6 27. Qf3 Qxf3 28.
Rxf3 fxg3 29. Rxg3+ Kh8 30. Rh3 Rg8+ 31. Rg3 Rxg3+ 32. hxg3 Bg5 33. Kg2 Bxh4
34. gxh4 Rf4 35. Kg3 Kg7 36. Re1 Kg6 37. Re4 Kf5 38. Re1 h5 39. b3 Rg4+ 40. Kh3
Rf4 41. Re3 e4 42. dxe4+ Rxe4 43. Rg3 Ke5 44. Rg5+ Kd4 45. Rxh5 Re3+ 46. Kg4
Rxb3 47. Rh7 Kxc4 48. Rxa7 Rb1 49. Rd7 Kxd5 50. a7 Ra1 51. h5 Kc6 52. h6 Kxd7
53. h7 Rxa7 54. h8=Q Ra3 55. Qh7+ Kc6 56. Qe4+ Kc7 57. Kf5 Rc3 58. Ke6 Kb6 59.
Kxd6 Kb5 60. Qe2+ Ka4 61. Qa2+ Kb5 62. Qa7 Rc1 63. Qd7+ Kc4 64. Qe6+ Kb5 65.
Qe2+ Kb6 66. Kd5 Rc3 67. Kd6 Ka5 68. Kc6 Ka4 69. Qa2+ Ra3 70. Qc2+ Rb3 71. Kxc5
Ka3 72. Kb5 Rb2 73. Qa4# 1-0

[Event "N�-LL 2009/10"]
[Site "?"]
[Date "2010.03.14"]
[Round "10"]
[White "Penz, Harald"]
[Black "Vyskocil, Neklan"]
[Result "1/2-1/2"]
[WhiteElo "2330"]
[BlackElo "2357"]
[Annotator "Zwettl : Mauerbach"]
[PlyCount "56"]
[EventDate "2009.11.04"]
[SourceDate "2010.04.07"]

1. e4 c5 2. c3 d5 3. exd5 Qxd5 4. d4 e6 5. Nf3 Nf6 6. Bd3 Be7 7. O-O cxd4 8.
cxd4 Nc6 9. Nc3 Qd6 10. Ne4 Nxe4 11. Bxe4 O-O 12. Be3 f5 13. Bxc6 Qxc6 14. Bf4
Qd5 15. Re1 Bf6 16. Be5 b6 17. Bxf6 Rxf6 18. Re5 Qd6 19. d5 h6 20. Qb3 Kh7 21.
Rae1 exd5 22. Rxd5 Qc7 23. Nd4 Qf7 24. Rd8 Bb7 25. Qxf7 Rxf7 26. Rd6 Rc8 27. f3
Rc5 28. a3 f4 1/2-1/2

[Event "N�-LL 2009/10"]
[Site "?"]
[Date "2010.03.14"]
[Round "10"]
[White "Vykydal, Frantisek"]
[Black "Neumeier, Klaus"]
[Result "0-1"]
[WhiteElo "2213"]
[BlackElo "2327"]
[Annotator "Zwettl : Mauerbach"]
[PlyCount "96"]
[EventDate "2009.11.04"]
[SourceDate "2010.04.07"]

1. e4 c5 2. Nc3 Nc6 3. g3 g6 4. Bg2 Bg7 5. Nge2 d6 6. O-O Nf6 7. h3 O-O 8. d3
e6 9. Be3 Qe7 10. d4 e5 11. dxc5 dxc5 12. Bg5 Nd4 13. Nd5 Qd6 14. Bxf6 Bxf6 15.
c3 Nc6 16. Nxf6+ Qxf6 17. f4 exf4 18. Nxf4 Qe5 19. Qf3 Be6 20. Nd5 Bxd5 21.
exd5 Ne7 22. Rae1 Qd6 23. g4 Rad8 24. c4 Nc8 25. Re4 b6 26. Rf4 Qe7 27. Re4 Qg5
28. Rf4 Nd6 29. Qa3 Rd7 30. Qa4 Re7 31. a3 h5 32. gxh5 Qxh5 33. Qb3 Qe5 34. Qc2
Qe2 35. R4f2 Qxc4 36. Qd2 Qh4 37. Rf4 Qg3 38. Kh1 Qe3 39. Qc2 Qe2 40. Qc3 Qe5
41. Qc2 Kg7 42. Rg4 Rh8 43. Qf2 Rh5 44. Rg1 Qe3 45. Qxe3 Rxe3 46. Rc1 Rhe5 47.
Kh2 Re2 48. b4 Rxd5 0-1

[Event "N�-LL 2009/10"]
[Site "?"]
[Date "2010.03.14"]
[Round "10"]
[White "Weissenbeck, Manuel"]
[Black "Janetschek, Karl"]
[Result "1/2-1/2"]
[WhiteElo "2218"]
[BlackElo "2250"]
[Annotator "Zwettl : Mauerbach"]
[PlyCount "145"]
[EventDate "2009.11.04"]
[SourceDate "2010.04.07"]

1. d4 e6 2. Nf3 c5 3. c4 cxd4 4. Nxd4 Nf6 5. Nc3 d5 6. cxd5 Nxd5 7. Ndb5 Bd7 8.
e4 Nxc3 9. bxc3 Bc6 10. Qxd8+ Kxd8 11. Be3 b6 12. f3 Nd7 13. O-O-O Kc8 14. Be2
Bc5 15. Nd6+ Bxd6 16. Rxd6 Kc7 17. Rhd1 Rhe8 18. Bc4 Re7 19. e5 Nxe5 20. Bf4 f6
21. Bxe6 Rae8 22. Bf5 g6 23. Bc2 Re6 24. R6d4 R6e7 25. h4 Kb7 26. Bb3 Nd7 27.
Rd6 f5 28. Bg3 Nc5 29. Bc4 Rd7 30. Rxd7+ Bxd7 31. Rd6 Be6 32. Bb5 Rc8 33. a4 a6
34. Be2 Rc6 35. Rd8 Nxa4 36. Rh8 b5 37. Rxh7+ Kb6 38. Bf2+ Ka5 39. Be1 Nxc3 40.
Bd3 b4 41. Kb2 Na4+ 42. Kb1 Nc5 43. Bc2 Bb3 44. h5 Bxc2+ 45. Kxc2 gxh5 46. Rxh5
Ka4 47. Rxf5 Ka3 48. Rd5 a5 49. g4 Ka2 50. Kd1 b3 51. Bc3 b2 52. Bxb2 Kxb2 53.
g5 a4 54. g6 Rxg6 55. Rxc5 Rd6+ 56. Ke2 Rd4 57. Rb5+ Kc3 58. Ra5 Kb4 59. Ra8 a3
60. Ke3 Rd5 61. f4 Ra5 62. Rb8+ Rb5 63. Ra8 Kb3 64. Ke4 Rb4+ 65. Ke5 Ra4 66.
Rb8+ Kc2 67. Rc8+ Kd2 68. Rh8 a2 69. Rh2+ Ke3 70. Rh3+ Kf2 71. Rh1 a1=Q+ 72.
Rxa1 Rxa1 73. f5 1/2-1/2

[Event "N�-LL 2009/10"]
[Site "?"]
[Date "2010.03.14"]
[Round "10"]
[White "Zwettler, Martin"]
[Black "Kende, Richard"]
[Result "1/2-1/2"]
[WhiteElo "2130"]
[BlackElo "2063"]
[Annotator "Zwettl : Mauerbach"]
[PlyCount "31"]
[EventDate "2009.11.04"]
[SourceDate "2010.04.07"]

1. d4 Nf6 2. Nf3 e6 3. Bg5 d5 4. e3 Be7 5. Nbd2 O-O 6. Bd3 c5 7. c3 Nbd7 8. Ne5
Ne8 9. Bf4 f5 10. g4 Nxe5 11. dxe5 g5 12. gxf5 exf5 13. Bg3 Ng7 14. f4 c4 15.
Be2 g4 16. e4 1/2-1/2

[Event "N�-LL 2009/10"]
[Site "?"]
[Date "2010.03.14"]
[Round "10"]
[White "Winiwarter, Felix"]
[Black "Schmid, Thomas"]
[Result "1-0"]
[WhiteElo "2195"]
[BlackElo "2196"]
[Annotator "Krems : Stockerau"]
[PlyCount "85"]
[EventDate "2009.11.04"]
[SourceDate "2010.04.07"]

1. e4 e5 2. Nf3 Nc6 3. d4 exd4 4. Nxd4 Bc5 5. Nf5 Qf6 6. Nc3 Nge7 7. Ne3 O-O 8.
Bd3 Ne5 9. O-O d6 10. Kh1 Nxd3 11. cxd3 c6 12. f4 Bxe3 13. Bxe3 d5 14. Bc5 Re8
15. Qf3 Bd7 16. Qf2 b6 17. Bd4 Qh6 18. f5 c5 19. Be3 Qf6 20. Qg3 h6 21. Bf4 d4
22. Nd1 Nc6 23. Nf2 Ne5 24. Rac1 Rac8 25. Qh3 b5 26. b3 Kh7 27. Rg1 g5 28. Bxe5
Qxe5 29. Ng4 Qg7 30. Rgf1 f6 31. Rf3 c4 32. bxc4 bxc4 33. e5 fxe5 34. f6 Bxg4
35. Qxg4 Qf7 36. h4 Rg8 37. hxg5 Rc6 38. Qe4+ Qg6 39. Qxc6 Qxg5 40. Rf2 cxd3
41. Qb7+ Kh8 42. f7 Rf8 43. Rc8 1-0

[Event "N�-LL 2009/10"]
[Site "?"]
[Date "2010.03.14"]
[Round "10"]
[White "Schirmbeck, Hannes"]
[Black "W�ber, Friedrich"]
[Result "0-1"]
[WhiteElo "2177"]
[BlackElo "2158"]
[Annotator "Krems : Stockerau"]
[PlyCount "24"]
[EventDate "2009.11.04"]
[SourceDate "2010.04.07"]

1. e4 e5 2. Bc4 Nf6 3. d3 d5 4. exd5 Nxd5 5. Nf3 Nc6 6. Bg5 f6 7. Bd2 Be6 8.
O-O Qd7 9. Re1 Bc5 10. a3 a5 11. Nc3 Nxc3 12. Bxe6 Bxf2+ 0-1

[Event "N�-LL 2009/10"]
[Site "?"]
[Date "2010.03.14"]
[Round "10"]
[White "J�nger, Heinz"]
[Black "Amberger, Dieter"]
[Result "1-0"]
[WhiteElo "2094"]
[BlackElo "1984"]
[Annotator "Krems : Stockerau"]
[PlyCount "55"]
[EventDate "2009.11.04"]
[SourceDate "2010.04.07"]

1. e4 c5 2. Nf3 Nc6 3. d4 cxd4 4. Nxd4 Nf6 5. Nc3 e5 6. Ndb5 d6 7. Nd5 Nxd5 8.
exd5 Nb8 9. c4 a6 10. Nc3 Be7 11. Be2 O-O 12. O-O f5 13. f4 Nd7 14. Qc2 Bf6 15.
Qxf5 exf4 16. Qe6+ Kh8 17. Qxd6 Be5 18. Qa3 Nf6 19. Bxf4 Bd4+ 20. Kh1 Bg4 21.
Bg5 Qc8 22. Bd3 b5 23. Bxf6 gxf6 24. cxb5 axb5 25. Qb4 Bc5 26. Qe4 Ra7 27. Nxb5
Raf7 28. Qc4 1-0

[Event "N�-LL 2009/10"]
[Site "?"]
[Date "2010.03.14"]
[Round "10"]
[White "Kleiser, Gregor"]
[Black "Sandh�fner, Florian"]
[Result "1-0"]
[WhiteElo "2248"]
[BlackElo "2213"]
[Annotator "Amstetten:Niederabsdorf"]
[PlyCount "144"]
[EventDate "2010.??.??"]
[TimeControl "120+2"]

1. d4 d5 2. c4 c6 3. Nc3 Nf6 4. e3 e6 5. Nf3 Nbd7 6. b3 Bb4 7. Bb2 Qa5 8. Qc2
Ne4 9. Rc1 Qxa2 10. Bd3 Bxc3+ 11. Bxc3 Qxc2 12. Rxc2 Nxc3 13. Rxc3 O-O 14. O-O
Re8 15. Ra1 dxc4 16. bxc4 e5 17. Bf1 exd4 18. exd4 Nf6 19. h3 Bf5 20. Rb3 Re7
21. Ra5 Be4 22. Nd2 Rd7 23. Nxe4 Nxe4 24. d5 cxd5 25. cxd5 Nd6 26. g4 a6 27. h4
Re8 28. Bh3 Re4 29. Kg2 Kf8 30. Rc3 Nb5 31. Rc5 Rd4 32. Rc8+ Ke7 33. Rh8 R7xd5
34. Rxh7 g6 35. Ra2 Nc3 36. Rc2 Rc5 37. h5 gxh5 38. gxh5 b5 39. Rh6 a5 40. Ra6
b4 41. h6 Rg5+ 42. Kf3 Rh4 43. Bf1 Rgh5 44. Rc1 Rxh6 45. Rxa5 Rf6+ 46. Ke3 Re4+
47. Kd3 Rxf2 48. Ra7+ Kf6 49. Rxc3 bxc3 50. Kxe4 Rxf1 51. Kd3 Rf3+ 52. Ke4 c2
53. Rc7 Rf2 54. Ke3 Rh2 55. Ke4 Kg5 56. Rc5+ Kg4 57. Rc8 f5+ 58. Kd3 f4 59.
Rg8+ Kf3 60. Rc8 Re2 61. Rc4 Re8 62. Kxc2 Rd8 63. Rc7 Kf2 64. Rg7 f3 65. Rf7
Ke2 66. Re7+ Kf1 67. Rf7 f2 68. Rg7 Rd5 69. Rg8 Ke2 70. Re8+ Kf3 71. Rf8+ Ke3
72. Kc1 Rd4 1-0

[Event "N�-LL 2009/10"]
[Site "?"]
[Date "2010.03.14"]
[Round "10"]
[White "Rumpl, Erwin"]
[Black "P�tz, Florian"]
[Result "1/2-1/2"]
[WhiteElo "2304"]
[BlackElo "2333"]
[Annotator "Amstetten:Niederabsdorf"]
[PlyCount "125"]
[EventDate "2010.??.??"]
[TimeControl "120+2"]

1. c4 c6 2. Nf3 d5 3. d4 Nf6 4. e3 Bg4 5. h3 Bxf3 6. Qxf3 e6 7. Bd3 Nbd7 8.
cxd5 exd5 9. Nc3 Bd6 10. O-O O-O 11. e4 dxe4 12. Nxe4 Nxe4 13. Qxe4 g6 14. Rd1
Re8 15. Qf3 Qf6 16. Qg4 Nb6 17. Bg5 Qe6 18. Qf3 Qd5 19. Qxd5 Nxd5 20. Bc4 Kg7
21. Rd3 Nb6 22. Bb3 Be7 23. Be3 Red8 24. d5 Nxd5 25. Bxd5 Rxd5 26. Rxd5 cxd5
27. Rd1 Bf6 28. Rxd5 a6 29. Rd7 b5 30. b3 h5 31. g4 hxg4 32. hxg4 Rd8 33. Ra7
Rd6 34. Kg2 Bd4 35. Bxd4+ Rxd4 36. Kg3 Rd6 37. g5 Re6 38. f4 Rc6 39. Kf3 Re6
40. Kg4 Rd6 41. Kf3 Re6 42. a4 bxa4 43. bxa4 Kf8 44. a5 Ke8 45. Kg4 Rc6 46. Kf3
Re6 47. Rb7 Rc6 48. Ra7 Re6 49. Rc7 Re7 50. Rc6 Re6 51. Rc7 Re7 52. Rc8+ Kd7
53. Ra8 Re6 54. f5 gxf5 55. Kf4 Rc6 56. Kxf5 Ke7 57. Kg4 Rd6 58. Kh5 Rc6 59.
Kg4 Rd6 60. Kh5 Rc6 61. Kg4 Rd6 62. Kh5 Rc6 63. Kg4 1/2-1/2

[Event "N�-LL 2009/10"]
[Site "?"]
[Date "2010.03.14"]
[Round "10"]
[White "Wadsack, Winfried"]
[Black "Wiedermann, Daniel"]
[Result "1/2-1/2"]
[WhiteElo "2113"]
[BlackElo "2116"]
[Annotator "Amstetten:Niederabsdorf"]
[PlyCount "32"]
[EventDate "2010.??.??"]
[TimeControl "120+2"]

1. e4 c5 2. c3 d5 3. exd5 Qxd5 4. d4 g6 5. Nf3 Bg7 6. Be3 cxd4 7. cxd4 Qa5+ 8.
Nc3 Nh6 9. Bb5+ Bd7 10. Qb3 Bxb5 11. Qxb5+ Qxb5 12. Nxb5 Na6 13. O-O O-O 14.
Rac1 Nf5 15. a3 Rfd8 16. g4 Nd6 1/2-1/2

[Event "N�-LL 2009/10"]
[Site "?"]
[Date "2010.04.11"]
[Round "11"]
[White "Schroll, Gerhard"]
[Black "Hansen, Kai"]
[Result "1-0"]
[WhiteElo "2387"]
[BlackElo "2235"]
[Annotator "Niederabsdorf : Wr.Neustadt"]
[PlyCount "85"]
[SourceDate "2010.04.11"]

1. e4 c6 2. c4 d5 3. cxd5 cxd5 4. exd5 Nf6 5. Bb5+ Bd7 6. Bc4 b5 7. Bb3 Qb6 8.
d4 a5 9. a3 Na6 10. Nc3 g6 11. Nf3 Bg7 12. Ne5 O-O 13. Be3 Rad8 14. O-O Nc7 15.
Qf3 Be8 16. Nc6 Rd7 17. Rfc1 Kh8 18. h3 Na6 19. Ba2 Rb7 20. b4 axb4 21. axb4
Nb8 22. Ne2 Rd7 23. Nf4 Ng8 24. Nd3 Rd6 25. Nxb8 Qxb8 26. Ne5 Ra6 27. Bb3 Rxa1
28. Rxa1 Qd6 29. Ra8 Bxe5 30. dxe5 Qxe5 31. Qd1 Qe4 32. Bc5 Kg7 33. f3 Qh4 34.
d6 Nf6 35. dxe7 Rg8 36. Rd8 h5 37. Bd4 Kh7 38. Bc3 Qf4 39. Qd2 Qxd2 40. Bxd2
Nd7 41. Bd5 Ne5 42. Bc3 Nc6 43. Rxe8 1-0

[Event "N�-LL 2009/10"]
[Site "?"]
[Date "2010.04.11"]
[Round "11"]
[White "P�tz, Florian"]
[Black "Steiner, Adam"]
[Result "1-0"]
[WhiteElo "2333"]
[BlackElo "2154"]
[Annotator "Niederabsdorf : Wr.Neustadt"]
[PlyCount "61"]
[EventDate "2009.11.04"]
[SourceDate "2010.04.12"]

1. d4 Nf6 2. Nf3 c5 3. d5 b5 4. Bg5 Ne4 5. Bh4 Qa5+ 6. c3 Bb7 7. Qd3 f5 8. Nbd2
e6 9. Nxe4 fxe4 10. Qxe4 Bxd5 11. Qf4 Nc6 12. e4 Qa4 13. Bd3 Be7 14. O-O e5 15.
Qe3 Be6 16. Bxe7 c4 17. Be2 Kxe7 18. Qg5+ Kf7 19. Bd1 Qa5 20. Nxe5+ Nxe5 21.
Qxe5 Qb6 22. Qf4+ Kg8 23. Bg4 h5 24. Bxe6+ Qxe6 25. Rad1 Rh6 26. Rd5 Rf8 27.
Qh4 a6 28. f3 Qf7 29. Rfd1 d6 30. Rxd6 Qa7+ 31. Qf2 1-0

[Event "N�-LL 2009/10"]
[Site "?"]
[Date "2010.04.11"]
[Round "11"]
[White "Todor, Razvan"]
[Black "Schwarhofer, Christopher"]
[Result "1/2-1/2"]
[WhiteElo "2167"]
[BlackElo "2230"]
[Annotator "Niederabsdorf : Wr.Neustadt"]
[PlyCount "75"]
[EventDate "2009.11.04"]
[SourceDate "2010.04.12"]

1. c4 Nf6 2. Nc3 g6 3. g3 Bg7 4. Bg2 O-O 5. e4 d6 6. Nge2 c5 7. O-O Nc6 8. d3
Nd4 9. Nxd4 cxd4 10. Ne2 e5 11. h3 Bd7 12. f4 b5 13. b3 a5 14. f5 a4 15. g4
axb3 16. Qxb3 bxc4 17. Qxc4 Qa5 18. g5 Rfc8 19. Qb3 Ba4 20. Qb7 Rc7 21. Qb2 Nd7
22. Bd2 Qa6 23. Rac1 Nc5 24. Rf3 Bb5 25. Rxc5 dxc5 26. Nc1 c4 27. dxc4 Bxc4 28.
Bb4 Qb6 29. a3 Bf8 30. Nd3 Bxd3 31. Rxd3 Bxb4 32. axb4 Rc4 33. b5 Ra5 34. Rb3
Rca4 35. Kh2 h6 36. fxg6 fxg6 37. gxh6 Kh7 38. Qf2 1/2-1/2

[Event "N�-LL 2009/10"]
[Site "?"]
[Date "2010.04.11"]
[Round "11"]
[White "Teuber, Andreas"]
[Black "Lucaci, Marius"]
[Result "1-0"]
[WhiteElo "2154"]
[BlackElo "2126"]
[Annotator "Niederabsdorf : Wr.Neustadt"]
[PlyCount "87"]
[EventDate "2009.11.04"]
[SourceDate "2010.04.12"]

1. d4 d5 2. Nf3 Nf6 3. e3 c6 4. c4 Bf5 5. cxd5 cxd5 6. Qb3 Qc7 7. Nc3 e6 8. Bd2
a6 9. Rc1 Nc6 10. Ne5 Bd6 11. Nxc6 bxc6 12. Na4 O-O 13. Qb6 Rfc8 14. Qxc7 Rxc7
15. Ba5 Rb7 16. Rxc6 Bb4+ 17. Bxb4 Rxb4 18. b3 a5 19. Be2 h5 20. O-O h4 21.
Rfc1 Ra7 22. Rc8+ Kh7 23. R8c7 Rbb7 24. Rxb7 Rxb7 25. f3 g5 26. Kf2 Kg6 27. Rc5
Ra7 28. Bb5 g4 29. Be2 h3 30. Nc3 hxg2 31. Kxg2 gxf3+ 32. Bxf3 Bd3 33. Kg3 Ne8
34. Rc6 Nf6 35. Kf4 Nh5+ 36. Ke5 Ng7 37. Nxd5 f6+ 38. Nxf6 Bb5 39. Be4+ Kg5 40.
Rc5 Be2 41. Bg2 a4 42. Ne4+ Kg6 43. b4 a3 44. Ng3 1-0

[Event "N�-LL 2009/10"]
[Site "?"]
[Date "2010.04.11"]
[Round "11"]
[White "Sandh�fner, Florian"]
[Black "Chytilek, Roman"]
[Result "0-1"]
[WhiteElo "2213"]
[BlackElo "2418"]
[Annotator "Stockerau : Amstetten"]
[PlyCount "74"]
[EventDate "2009.11.04"]
[SourceDate "2010.04.12"]

1. e4 c6 2. d4 d5 3. Nd2 g6 4. Ngf3 Bg7 5. c3 dxe4 6. Nxe4 Nd7 7. Bd3 Ngf6 8.
Nxf6+ Nxf6 9. O-O Qc7 10. Re1 O-O 11. Qe2 Re8 12. Bg5 b6 13. Qd2 Bb7 14. Bh6 c5
15. Bxg7 Kxg7 16. dxc5 Bxf3 17. cxb6 axb6 18. gxf3 Ra5 19. Bf1 Rh5 20. h3 Rd8
21. Qe2 e6 22. c4 Rg5+ 23. Kh1 Nh5 24. Rad1 Nf4 25. Qe3 Rxd1 26. Rxd1 Rh5 27.
Qd4+ e5 28. Qd7 Qb8 29. Qc6 Qa7 30. a3 Qe7 31. Qd7 Qh4 32. Rd2 Rf5 33. Kh2 Ne6
34. Bg2 Nd4 35. Kg1 Rg5 36. Kh1 Rxg2 37. Rxd4 Qxf2 0-1

[Event "N�-LL 2009/10"]
[Site "?"]
[Date "2010.04.11"]
[Round "11"]
[White "Hangweyrer, Manfred"]
[Black "Rumpl, Erwin"]
[Result "1/2-1/2"]
[WhiteElo "2352"]
[BlackElo "2304"]
[Annotator "Stockerau : Amstetten"]
[PlyCount "28"]
[EventDate "2009.11.04"]
[SourceDate "2010.04.12"]

1. e4 c5 2. Nf3 g6 3. c3 Bg7 4. d4 cxd4 5. cxd4 d5 6. exd5 Nf6 7. Bc4 O-O 8.
Nc3 Nbd7 9. O-O Nb6 10. Bb3 Nbxd5 11. Re1 h6 12. Ne5 Kh7 13. Qf3 e6 14. g4 Ne7
{Rest nicht lesbar, remis im 83.Zug} 1/2-1/2